00769nam a2200217 a 4500008004100000040001200041041000800053044000700061082002500068100003600093245007000129260004700199300003600246490004100282502008800323650002700411650003400438655004000472700003200512852000700544200313s2018 ii ad||g m|||a00| 0 eng d aKObeng0 aeng aii04223a378.242bIRM17351 aSingh, Bhanu PratapeResearcher20aA Report on Mail Management and Direct Port Delivery at CMA-CGM / aKochi :bIndian Maritime University,c2018 a30 p. :bill., charts ;c29 cm.0 aMBA Internship 2017-19 ;v1705304005 aInternship (MBA)–Indian Maritime University. School of Maritime Management, 2019. 0aOffice mail procedures 0aPort au Port Peninsula (N.L.) 72lcshaDissertations, Academicy20181 aH. L., YogamalacDr.eGuide aKO